Perpustakaan keluarga (Record no. 13206)

MARC details
000 -LEADER
fixed length control field 00801nam a2200253 i 4500
001 - CONTROL NUMBER
control field C2-0078691
003 - CONTROL NUMBER IDENTIFIER
control field PPAK
005 - DATE AND TIME OF LATEST TRANSACTION
control field 20180727083250.0
008 - FIXED-LENGTH DATA ELEMENTS--GENERAL INFORMATION
fixed length control field 970429s1989 my |||| ||||| | may d
040 ## - CATALOGING SOURCE
Original cataloging agency PPAK
Language of cataloging eng
Transcribing agency PPAK
Description conventions rda
082 04 - DEWEY DECIMAL CLASSIFICATION NUMBER
Classification number 027.1
Edition number 23
090 00 - LOCALLY ASSIGNED LC-TYPE CALL NUMBER (OCLC); LOCAL CALL NUMBER (RLIN)
Classification number (OCLC) (R) ; Classification number, CALL (RLIN) (NR) 027.1
Feature heading MAL
Feature heading KSI
Classification number (OCLC) (R) ; Classification number, CALL (RLIN) (NR) 027.1
Feature heading MAL
Feature heading R
110 2# - MAIN ENTRY--CORPORATE NAME
Corporate name or jurisdiction name as entry element Malaysia. Kementerian Pendidikan. Bahagian Teknologi Pendidikan
245 00 - TITLE STATEMENT
Title Perpustakaan keluarga
264 #1 - PRODUCTION, PUBLICATION, DISTRIBUTION, MANUFACTURE, AND COPYRIGHT NOTICE
Place of production, publication, distribution, manufacture Kuala Lumpur :
Name of producer, publisher, distributor, manufacturer Berita ,
Date of production, publication, distribution, manufacture, or copyright notice 1989
300 ## - PHYSICAL DESCRIPTION
Extent xv, 40 pages ;
Dimensions 22 cm
336 ## - CONTENT TYPE
Source rdacontent
Content type term text
337 ## - MEDIA TYPE
Source rdamedia
Media type term unmediated
338 ## - CARRIER TYPE
Source rdacarrier
Carrier type term volume
650 10 - SUBJECT ADDED ENTRY--TOPICAL TERM
Topical term or geographic name entry element Libraries, private. ; Book and reading. ; Book selection.
710 2# - ADDED ENTRY--CORPORATE NAME
Corporate name or jurisdiction name as entry element Malaysia. Kementerian Pendidikan. Bahagian Teknologi Pendidikan
Relator term organizer
942 ## - ADDED ENTRY ELEMENTS (KOHA)
-- dc
Koha item type Book
Holdings
Withdrawn Not for loan Current library Shelving location Date acquired Full call number Barcode Date last seen Koha item type
  Not For Loan Perpustakaan Alor Setar Koleksi Salleh Ibrahim 20/11/2000 KSI 027.1 MAL A00210963 08/05/2018 Book
  Not For Loan Perpustakaan Alor Setar Koleksi Salleh Ibrahim 06/12/2001 KSI 027.1 MAL A00211586 08/05/2018 Book
  Not For Loan Perpustakaan Jitra Rujukan Dewasa 21/06/2004 R 027.1 MAL A00850778 08/05/2018 Book